00307nam a22000857a 4500008004100000082001700041245002800058260012700086300000800213230627b xxu||||| |||| 00| 0 eng d a338.181bWAN a20 Years of Cooperation aNairobibFood and Agriculture Organization of the United Nations and the Ministry of Agricuylture and Livestock Department a80p